Normal view
MARC view
Entry Topical Term
001 - CONTROL NUMBER
- control field: 18524
003 - CONTROL NUMBER IDENTIFIER
- control field: OSt
005 - DATE AND TIME OF LATEST TRANSACTION
- control field: 20201012120035.0
008 - FIXED-LENGTH DATA ELEMENTS
- fixed length control field: 201012|| aca||aabn | a|a d
040 ## - CATALOGING SOURCE
- Original cataloging agency: OSt
- Transcribing agency: OSt
150 ## - HEADING--TOPICAL TERM
- Topical term or geographic name entry element: Empirical Analysis, Environment and Development, Environment and Trade, Sustainability, Environmental Accounts and Accounting, Environmental Equity, Population Growth
670 ## - SOURCE DATA FOUND
- Source citation: Work cat.: (OSt): Barrage, Lint, Eric Chyn, and Justine Hastings 18523, Advertising and Environmental Stewardship: Evidence from the BP Oil Spill
